| 000 | 00993nam a22003137a 4500 | ||
|---|---|---|---|
| 003 | CHAP | ||
| 005 | 20220329135314.0 | ||
| 008 | 971013s1982 r 00010 d | ||
| 010 | _a34123 | ||
| 011 | _a35095 | ||
| 035 | _a39211 | ||
| 040 | _cCHAP | ||
| 090 | _aFolleto 7778 | ||
| 110 |
_aOficina Suiza para el Fomento del Comercio _982809 |
||
| 245 | _aSuiza su asociada ; agricultura e industria alimentaria | ||
| 260 |
_aLausana, Suiza : _bOSFC, _c1982 |
||
| 300 |
_a78 p. _b: ilus. |
||
| 590 |
_aBATCH-UPD _b10 _c20130110 _lUCH01 _h0204 |
||
| 590 |
_aBATCH-UPD _b10 _c20130110 _lUCH01 _h1323 |
||
| 590 |
_aBATCH-UPD _b10 _c20130410 _lUCH01 _h0831 |
||
| 590 |
_aBATCH-UPD _b10 _c20130913 _lUCH01 _h2121 |
||
| 590 |
_aCONVERSION _b10 _c20130109 _lUCH01 _h1319 |
||
| 650 | 1 | 4 |
_aAgricultura _xSuiza. _91829 |
| 650 | 1 | 4 |
_aAlimentos _xProcesado _xEquipo. _94268 |
| 650 | 1 | 4 |
_aAlimentos _xTecnologĂa. _94284 |
| 901 | _aBK | ||
| 942 | _cFOLL | ||
| 949 |
_aFolleto 7778 _bBC _cFOLL _d-89479 _eTS1 _i39211 _si |
||
| 999 |
_c34123 _d34123 |
||